| 000 | 00545nam a22001937a 4500 | ||
|---|---|---|---|
| 003 | 0 | ||
| 005 | 20231205100245.0 | ||
| 008 | 231205b xxu||||| |||| 00| 0 eng d | ||
| 020 | _a978-971-518-577-6 | ||
| 050 |
_aCL _bWel454 2011 |
||
| 082 |
_aCL _bWel454 2011 |
||
| 100 | _aWells, H.G. | ||
| 245 |
_aThe invisible man _cH.G. Wells |
||
| 260 |
_aQuezon City _bLampara Publishing House _cc2011. |
||
| 300 |
_a128 pages : _bcolored illustrations ; _c20cm. |
||
| 504 | _aIncludes glossary. | ||
| 650 | _aClassic stories. | ||
| 942 |
_2ddc _cBK |
||
| 999 |
_c365707 _d365707 |
||